000 00464nam a2200157 i 4500
001 33552
003 ES-MaACL
005 20230906154758.0
007 t|
008 030202s1935 fr ||||1| fre d
100 1 _aBigourdan, G.
_928854
245 1 0 _aPetit atlas celeste comprenant 5 cartes en deuse conteurs /
_cpar G. Bigourdan.
260 _aParis :
_bGauttier-Villars,
_c1935.
300 _a39 p., 5 lám. ;
_c23 cm.
852 _aES-MaACL
_j1619-F-19
_bR.18355
999 _c33552
_d33552